| 000 | 00629cam a2200193 4500 | ||
|---|---|---|---|
| 008 | 101004t1993 mx a 000 0 spa u | ||
| 020 | _a9687009381 | ||
| 035 | _aa491404 | ||
| 050 |
_aND1312 .M6 _bA76 1993 |
||
| 100 | 1 | _aArmella, Virginia | |
| 245 | 1 | 0 |
_aTesoros de la Pinacoteca Virreinal / _cVirginia Armella; Coaut. Mercedes Meade |
| 250 | _a2a ed. | ||
| 260 |
_aMéxico: _bFomento Cultural Banamex, A.C. _cc1993 |
||
| 300 |
_a259p.: _bil.; _c32cm. |
||
| 504 | _aIncluye Bibliografía, Apéndices y Catálogo. | ||
| 650 | 7 |
_aArte, mexicano _vCatalogos _2Lemb |
|
| 700 | _aMeade Mercedes, coaut. | ||
| 942 |
_2lcc _cLIB |
||
| 999 |
_c71593 _d71593 |
||